| 000 | 00483nam a22001817a 4500 | ||
|---|---|---|---|
| 005 | 20260218161007.0 | ||
| 008 | 260218b |||||||| |||| 00| 0 eng d | ||
| 020 |
_a9781032297859 _c2995.00 |
||
| 040 | _aMAIN | ||
| 041 | _aEnglish | ||
| 082 |
_a551.9 _bROL |
||
| 100 |
_aRollinson, Hugh _926343 |
||
| 245 |
_aUsing Geochemical Data _b: Evaluation Presentation Interpretation |
||
| 260 |
_aNew York _bRoutledge _c2022 |
||
| 300 | _a352 | ||
| 650 |
_aGeology _91039 |
||
| 942 | _cBK | ||
| 999 |
_c60392 _d60392 |
||